000 00457 a2200157 4500
005 20251006122235.0
008 250806b |||||||| |||| 00| 0 eng d
020 _a9788197439377
080 _a89M-992
_bMOH/K
100 _aMohandas,Vallikkav
245 _aKatinahimalayam(കഠിനഹിമാലയം)
260 _bParidhi publications
_aThiruvananthapuram.
_c2024.
300 _a312p.
653 _aTravelogue-Malayalam Literature
942 _cOO
999 _c114603
_d114602